Online
Catalog

Materia viva / (Record no. 7821)

MARC details
000 -CABECERA
campo de control de longitud fija 00777cam a2200265 a 4500
001 - NÚMERO DE CONTROL
campo de control 000008044
003 - IDENTIFICADOR DEL NÚMERO DE CONTROL
campo de control DO-SdBNP
005 - FECHA Y HORA DE LA ÚLTIMA TRANSACCIÓN
campo de control 20220408100845.0
008 - DATOS DE LONGITUD FIJA--INFORMACIÓN GENERAL
campo de control de longitud fija 941013s1993 sp a 000 1 spa
010 ## - NÚMERO DE CONTROL DE LA BIBLIOTECA DEL CONGRESO
Número de control de LC 94218415
020 ## - NÚMERO INTERNACIONAL ESTÁNDAR DEL LIBRO
Número Internacional Estándar del Libro 8476832257
040 ## - FUENTE DE LA CATALOGACIÓN
Centro catalogador/agencia de origen DO-SdBNP
Centro/agencia transcriptor DLC
Centro/agencia modificador DLC
082 ## - NÚMERO DE LA CLASIFICACIÓN DECIMAL DEWEY
Número de clasificación 863.64
Número de documento/Ítem P426m
100 1# - ENTRADA PRINCIPAL--NOMBRE DE PERSONA
Nombre de persona Peraile, Meliano,
Fechas asociadas al nombre 1922-
9 (RLIN) 21952
245 10 - MENCIÓN DE TÍTULO
Título Materia viva /
Mención de responsabilidad, etc. Meliano Peraile.
260 ## - PUBLICACIÓN, DISTRIBUCIÓN, ETC.
Lugar de publicación, distribución, etc. Madrid :
Nombre del editor, distribuidor, etc. Ediciones Libertarias,
Fecha de publicación, distribución, etc. 1993.
300 ## - DESCRIPCIÓN FÍSICA
Extensión 220 p. :
Otras características físicas ill. ;
Dimensiones 22 cm.
490 1# - MENCIÓN DE SERIE
Mención de serie Los libros del avefenix
490 1# - MENCIÓN DE SERIE
Mención de serie Narrativa ;
Designación de volumen o secuencia 23
650 #4 - PUNTO DE ACCESO ADICIONAL DE MATERIA--TÉRMINO DE MATERIA
Término de materia o nombre geográfico como elemento de entrada Novela española
9 (RLIN) 1123
650 #4 - PUNTO DE ACCESO ADICIONAL DE MATERIA--TÉRMINO DE MATERIA
Término de materia o nombre geográfico como elemento de entrada Literatura española
9 (RLIN) 632
830 #0 - PUNTO DE ACCESO ADICIONAL DE SERIE-TÍTULO UNIFORME
Título uniforme Narrativa (Ediciones Libertarias) ;
Designación de volumen o secuencia 23.
9 (RLIN) 21953
910 ## - DATOS DE OPCIÓN DEL USUARIO (OCLC)
Datos de opción del usuario Catalogación por copia / LC
942 ## - ELEMENTOS DE PUNTO DE ACCESO ADICIONAL (KOHA)
Fuente del sistema de clasificación o colocación Dewey Decimal Classification
Tipo de ítem Koha Libro
Holdings
Estado de retiro Estado de pérdida Restricciones de uso No para préstamo Código de colección Localización permanente Ubicación/localización actual Ubicación en estantería Fecha de adquisición Número de inventario Total de préstamos Signatura topográfica completa Código de barras Fecha visto por última vez Precio válido a partir de Tipo de ítem Koha
    Préstamo interno   Monografías: Libros y Folletos General General En catalogación 14.09.2009 LF1   863.64 P426m 8044-10 25.06.2020 25.06.2020 Préstamo interno

Powered by Koha